| 000 | 01252nam0a22002531 4500 | ||
|---|---|---|---|
| 001 | rc\2778531 | ||
| 005 | 20250806205540.0 | ||
| 035 | _a(NLR Aleph) 006904783 | ||
| 090 |
_a32529 _c32529 |
||
| 100 | _a20110915d1942 u y0rusy50 ca | ||
| 101 | 0 | _arus | |
| 102 | _aRU | ||
| 105 | _ay z ||||| | ||
| 200 | 1 |
_aЖилищное строительство военного времени _eМатериалылы Совещания по вопросам жилищного строительства воен. времени, проведенного Челябинским обл. испол. ком., Акад. архитектуры СССР и Союзом сов. архит. в г. Челябинске 2-го и 3-го апреля 1942 г. |
|
| 210 |
_aЧелябинск _cСоюз сов. арх. _d1942 |
||
| 215 |
_a61, [3] с. _d21 см. |
||
| 710 | 1 | 2 |
_aСовещание по вопросам жилищного строительства военного времени _f1942 _eЧелябинск _3RU\NLR\AUTH\8810110452 |
| 801 | 0 |
_aRU _bNLR _gpsbo |
|
| 801 | 1 |
_aRU _bELAR _2rusmarc |
|
| 852 |
_aNLR _jТ80 Г-4/195 |
||
| 942 | _cBOOK | ||
| 945 | _aРоссийская национальная библиотека | ||
| 980 | _aNB | ||
| 980 | _aBV | ||